[Event "SVK-ch Seniors"]
[Site "Tatranske Matliare"]
[Date "2012.06.03"]
[Round "3"]
[White "Milovnik, Juraj"]
[Black "Spurny, Antonin"]
[Result "1/2-1/2"]
[WhiteElo "2025"]
[BlackElo "1873"]
[PlyCount "51"]
[EventDate "2012.06.02"]
[EventType "swiss"]
[EventRounds "9"]
[EventCountry "SVK"]
[SourceTitle "EXT 2014"]
[Source "ChessBase"]
[SourceDate "2013.11.20"]
[SourceVersion "1"]
[SourceVersionDate "2013.11.20"]
[SourceQuality "1"]

1. c4 e5 2. Nc3 Nc6 3. g3 g6 4. Bg2 Bg7 5. d3 Nf6 6. e3 0-0 7. Nge2 Rb8 8. 0-0 d6 9. Rb1 Bd7 10. b4 Qc8 11. Re1 Ne7 12. d4 exd4 13. exd4 Nf5 14. c5 Re8 15. d5 h5 16. Bf4 Ng4 17. Rc1 Qd8 18. Ne4 Ne5 19. N2c3 a6 20. h3 Bb5 21. Nxb5 axb5 22. Bxe5 Rxe5 23. g4 hxg4 24. hxg4 Nh4 25. cxd6 cxd6 26. Bh1 1/2-1/2

[Event "Olomouc op Seniors"]
[Site "Olomouc"]
[Date "2011.08.05"]
[Round "2"]
[White "Golcman, Evgeny"]
[Black "Spurny, Antonin"]
[Result "1-0"]
[WhiteElo "2291"]
[BlackElo "1931"]
[PlyCount "62"]
[EventDate "2011.08.04"]
[EventType "swiss"]
[EventRounds "9"]
[EventCountry "CZE"]
[SourceTitle "EXT 2012"]
[Source "ChessBase"]
[SourceDate "2011.11.24"]
[SourceVersion "1"]
[SourceVersionDate "2011.11.24"]
[SourceQuality "1"]

1. c4 e5 2. g3 Nc6 3. Bg2 g6 4. Nc3 Bg7 5. Nf3 Nge7 6. d3 d6 7. Bd2 0-0 8. 0-0 h6 9. Rb1 Kh8 10. Qc1 Ng8 11. b4 Nce7 12. a4 f5 13. a5 g5 14. a6 Rb8 15. axb7 Bxb7 16. Qa3 g4 17. Ne1 Bxg2 18. Nxg2 d5 19. Nxd5 Nxd5 20. cxd5 Qxd5 21. Nh4 Qf7 22. Rfc1 Rfc8 23. Qxa7 Ra8 24. Qb7 Rab8 25. Qa6 Kh7 26. Qc4 Qf6 27. f3 Qb6+ 28. Kg2 Ne7 29. fxg4 fxg4 30. Qxg4 Rf8 31. Qe4+ Kh8 1-0

[Event "SVK-ch Seniors-A"]
[Site "Tatranske Matliare"]
[Date "2011.05.??"]
[Round "1"]
[White "Kuma, Rudolf"]
[Black "Spurny, Antonin"]
[Result "0-1"]
[WhiteElo "1731"]
[BlackElo "1921"]
[PlyCount "80"]
[EventDate "2011.05.27"]
[EventType "swiss"]
[EventRounds "9"]
[EventCountry "SVK"]
[SourceTitle "EXT 2023"]
[Source "ChessBase"]
[SourceDate "2022.10.05"]
[SourceVersion "1"]
[SourceVersionDate "2022.10.05"]
[SourceQuality "1"]

1. e4 c5 2. Nf3 d6 3. h3 a6 4. d4 cxd4 5. Nxd4 Nf6 6. Nc3 e6 7. Be2 Qc7 8. Bf3 Nbd7 9. a3 Be7 10. 0-0 0-0 11. Re1 Ne5 12. Be2 Bd7 13. f4 Nc6 14. Nxc6 Bxc6 15. Bd3 b5 16. Kh1 Qb7 17. Qf3 Rad8 18. Qg3 Nh5 19. Qg4 g6 20. f5 exf5 21. exf5 Bf6 22. Ne4 Bxe4 23. Bxe4 d5 24. Bd3 Rfe8 25. Rd1 Bg7 26. Qf3 Qc7 27. g4 Ng3+ 28. Kg2 Ne4 29. c3 Qc6 30. h4 f6 31. g5 fxg5 32. hxg5 gxf5 33. Rh1 Qg6 34. Qh5 Re6 35. Kf3 Nc5 36. Bc2 d4 37. b4 d3 38. bxc5 Qxh5+ 39. Rxh5 dxc2 40. Be3 Rd3 0-1

[Event "SVK-ch Seniors-A"]
[Site "Tatranske Matliare"]
[Date "2011.05.??"]
[Round "2"]
[White "Spurny, Antonin"]
[Black "Privara, Igor"]
[Result "0-1"]
[WhiteElo "1921"]
[BlackElo "2275"]
[PlyCount "78"]
[EventDate "2011.05.27"]
[EventType "swiss"]
[EventRounds "9"]
[EventCountry "SVK"]
[SourceTitle "EXT 2023"]
[Source "ChessBase"]
[SourceDate "2022.10.05"]
[SourceVersion "1"]
[SourceVersionDate "2022.10.05"]
[SourceQuality "1"]

1. d4 Nf6 2. Nf3 c5 3. c3 b6 4. g3 Bb7 5. Bg2 g6 6. 0-0 Bg7 7. Nbd2 0-0 8. Re1 d5 9. Ne5 Nc6 10. Nxc6 Bxc6 11. e4 cxd4 12. cxd4 dxe4 13. Nxe4 Nxe4 14. Bxe4 Bxe4 15. Rxe4 e6 16. Bf4 Qd5 17. Qe2 Rfd8 18. Rd1 Qxa2 19. Be5 Rac8 20. h4 Qc4 21. Qf3 Bxe5 22. Rxe5 Rxd4 23. Rde1 h5 24. Qf6 Rd6 25. R1e3 Rd1+ 26. Re1 Rxe1+ 27. Rxe1 Qd5 28. Qf4 Kg7 29. Qa4 a5 30. Rd1 Rc4 31. Qa1 Qe5 32. Re1 Qf6 33. Qb1 a4 34. Re3 Qd4 35. Rd3 Qe4 36. Qd1 b5 37. f3 Qe5 38. Kg2 Qxb2+ 39. Rd2 Qc3 0-1

[Event "Olomouc Seniors op"]
[Site "Olomouc"]
[Date "2010.08.11"]
[Round "8"]
[White "Sejkora, Vlastimil"]
[Black "Spurny, Antonin"]
[Result "1-0"]
[WhiteElo "2162"]
[BlackElo "1938"]
[PlyCount "79"]
[EventDate "2010.08.04"]
[EventType "swiss"]
[EventRounds "9"]
[EventCountry "CZE"]
[SourceTitle "CBM 137 Extra"]
[Source "ChessBase"]
[SourceDate "2010.09.01"]
[SourceVersion "1"]
[SourceVersionDate "2010.09.01"]
[SourceQuality "1"]

1. e4 c5 2. Nf3 d6 3. Bb5+ Bd7 4. a4 a6 5. Bxd7+ Nxd7 6. a5 Qc7 7. d3 g6 8. Nbd2 Bg7 9. Nc4 e6 10. Bf4 e5 11. Be3 Ne7 12. 0-0 0-0 13. Bg5 f6 14. Bd2 Qc6 15. Qe2 Rae8 16. b3 d5 17. Nb2 f5 18. Ra4 b5 19. axb6 Nxb6 20. Rxa6 fxe4 21. dxe4 dxe4 22. Ng5 Ned5 23. Nc4 Ra8 24. Rxa8 Rxa8 25. Qxe4 Nxc4 26. Qxc4 h6 27. Ne4 Kh7 28. f3 Rc8 29. Rd1 Nb6 30. Qa6 Ra8 31. Qd3 c4 32. Qd6 Qxd6 33. Nxd6 cxb3 34. cxb3 Nd5 35. Ne4 Rb8 36. Ba5 Nf6 37. Nxf6+ Bxf6 38. Rd7+ Bg7 39. Bc3 Kg8 40. Rxg7+ 1-0

[Event "SVK-ch Seniors-A"]
[Site "Tatranske Matliare"]
[Date "2010.06.07"]
[Round "2"]
[White "Spurny, Antonin"]
[Black "Kovacic, Stefan"]
[Result "1-0"]
[WhiteElo "1918"]
[BlackElo "1744"]
[PlyCount "73"]
[EventDate "2010.06.06"]
[EventType "swiss"]
[EventRounds "9"]
[EventCountry "SVK"]
[SourceTitle "EXT 2023"]
[Source "ChessBase"]
[SourceDate "2022.10.05"]
[SourceVersion "1"]
[SourceVersionDate "2022.10.05"]
[SourceQuality "1"]

1. d4 Nf6 2. Nf3 g6 3. Bf4 d6 4. h3 Bg7 5. Nbd2 0-0 6. c3 Nbd7 7. e4 b6 8. Bc4 Bb7 9. Qe2 c5 10. 0-0 Qc8 11. e5 dxe5 12. dxe5 Nd5 13. Bg3 e6 14. Ne4 h6 15. Nd6 Qc7 16. Rad1 Ne7 17. Nxb7 Qxb7 18. Bb5 Nb8 19. Nd2 a6 20. Bd3 b5 21. Be4 Nbc6 22. Nb3 c4 23. Nc5 Qc8 24. Nd7 Ra7 25. Nxf8 Qxf8 26. f4 Nf5 27. Bf2 Rc7 28. Qf3 Qe8 29. Rd2 Bf8 30. Rfd1 Nfe7 31. Bb6 Rb7 32. Bc5 Rc7 33. Bd6 Rc8 34. g4 Kg7 35. Kh2 Kg8 36. Qe3 Kg7 37. Qb6 1-0

[Event "SVK-ch Seniors-A"]
[Site "Tatranske Matliare"]
[Date "2010.06.??"]
[Round "8"]
[White "Spiriak, Vladimir2222"]
[Black "Spurny, Antonin"]
[Result "0-1"]
[WhiteElo "1885"]
[BlackElo "1918"]
[PlyCount "44"]
[EventDate "2010.06.06"]
[EventType "swiss"]
[EventRounds "9"]
[EventCountry "SVK"]
[SourceTitle "EXT 2023"]
[Source "ChessBase"]
[SourceDate "2022.10.05"]
[SourceVersion "1"]
[SourceVersionDate "2022.10.05"]
[SourceQuality "1"]

1. e4 c5 2. Nf3 d6 3. b3 Nf6 4. Nc3 a6 5. h3 e6 6. Bb2 Be7 7. d4 cxd4 8. Nxd4 b5 9. f3 0-0 10. Bd3 Qb6 11. Ncxb5 axb5 12. Nxb5 Ba6 13. Bd4 Qb7 14. c4 Nc6 15. Bc3 Nd7 16. 0-0 Nce5 17. Be2 Bxb5 18. cxb5 Rfc8 19. Qd2 Ng6 20. Rac1 h6 21. Bb4 Rxc1 22. Rxc1 Bg5 0-1

[Event "Tatry op"]
[Site "Tatranske Zruby"]
[Date "2009.09.30"]
[Round "5"]
[White "Valenta, Vit"]
[Black "Spurny, Antonin"]
[Result "1-0"]
[WhiteElo "2199"]
[BlackElo "1959"]
[PlyCount "97"]
[EventDate "2009.09.27"]
[EventType "swiss"]
[EventRounds "9"]
[EventCountry "SVK"]
[SourceTitle "EXT 2011"]
[Source "ChessBase"]
[SourceDate "2010.11.26"]
[SourceVersion "1"]
[SourceVersionDate "2010.11.26"]
[SourceQuality "1"]

1. Nf3 d5 2. c4 e6 3. Nc3 Nf6 4. b3 Nbd7 5. Bb2 Be7 6. e3 b6 7. Be2 Bb7 8. 0-0 c5 9. cxd5 exd5 10. d4 0-0 11. Qc2 Rc8 12. dxc5 bxc5 13. Rfd1 Qb6 14. Nh4 Qe6 15. Nf5 Rfe8 16. Nxe7+ Rxe7 17. Bf1 Ne5 18. Ne2 g5 19. Ng3 Ne4 20. Nxe4 dxe4 21. Qc3 f6 22. Bc4 Nxc4 23. Qxc4 Kf7 24. Rd6 Qxc4 25. Rxf6+ Kg8 26. bxc4 Rd8 27. Rf5 Red7 28. Rxg5+ Kf8 29. h4 Rd1+ 30. Rxd1 Rxd1+ 31. Kh2 Rd2 32. Bg7+ Kf7 33. Bc3 Rc2 34. Rxc5 Ke6 35. Rc7 Rxc3 36. Rxb7 Ra3 37. Rxh7 Rxa2 38. Kg3 a5 39. Ra7 Kd6 40. h5 Kc5 41. h6 Rb2 42. Rxa5+ Kxc4 43. Rg5 Rb8 44. h7 Rh8 45. Rg7 Kd3 46. Kf4 Rf8+ 47. Kg5 Rh8 48. Kg6 Ke2 49. Rf7 1-0